Химия и технология целлюлозы и лигнина: межвузовский сборник научных трудов

التفاصيل البيبلوغرافية
مؤلف مشترك: Ленинградская лесотехническая академия (ЛЛА)
مؤلفون آخرون: Непенин Ю. Н. (редактор)
اللغة:الروسية
منشور في: Ленинград, Изд-во Ленинградской лесотехнической академии, 1982
الموضوعات:
التنسيق: كتاب
KOHA link:https://koha.lib.tpu.ru/cgi-bin/koha/opac-detail.pl?biblionumber=312955

MARC

LEADER 00000nam0a2200000 4500
001 312955
005 20231102002533.0
035 |a (RuTPU)RU\TPU\book\338325 
090 |a 312955 
100 |a 20151231d1982 k y0rusy50 ca 
101 0 |a rus 
102 |a RU 
105 |a a z 001zy 
200 1 |a Химия и технология целлюлозы и лигнина  |e межвузовский сборник научных трудов  |f Ленинградская лесотехническая академия (ЛЛА) ; под ред. Ю. Н. Непенина 
210 |a Ленинград  |c Изд-во Ленинградской лесотехнической академии  |d 1982 
215 |a 128 с.  |c ил. 
320 |a Библиография в конце статей 
606 1 |a Целлюлоза  |2 stltpush  |3 (RuTPU)RU\TPU\subj\17977  |9 43521 
606 1 |a Лигнин  |x Структура  |2 stltpush  |3 (RuTPU)RU\TPU\subj\34436  |9 56383 
610 1 |a химия 
610 1 |a химическая технология 
610 1 |a электрохимическая коагуляция 
610 1 |a свойства 
610 1 |a древесина 
610 1 |a отбелка 
610 1 |a гидролиз 
610 1 |a сульфидная варка 
675 |a 676  |v 4 
675 |a 665.94  |v 4 
702 1 |a Непенин  |b Ю. Н.  |4 340 
712 0 2 |a Ленинградская лесотехническая академия (ЛЛА)  |c (1929-1992)  |2 stltpush  |3 (RuTPU)RU\TPU\col\15444 
801 1 |a RU  |b 63413507  |c 20151231 
801 2 |a RU  |b 63413507  |c 20181005  |g RCR 
942 |c BK